| 000 | 00537nam a2200181Ia 4500 | ||
|---|---|---|---|
| 008 | 090123s9999 xx 000 0 und d | ||
| 082 | _b18357 | ||
| 100 | _aपाणंदीकर उषा | ||
| 245 | _aआम्ही लमाण | ||
| 250 | _a1 | ||
| 260 |
_bमेहता प्रकाशन _c1990 |
||
| 300 | _a121 | ||
| 600 | _aपाणंदीकर उषा | ||
| 630 | _aआम्ही लमाण | ||
| 700 | _aपाणंदीकर उषा | ||
| 730 | _aआम्ही लमाण | ||
| 942 | _cBOOK | ||
| 999 |
_c56420 _d56420 |
||